[Event "Mallorca-ch Segona"]
[Site "Palma"]
[Date "2017.12.09"]
[Round "3.8"]
[White "Ferrer Mygina, Juan"]
[Black "Tomas Arcos, Marc Gabriel"]
[Result "1/2-1/2"]
[WhiteElo "1556"]
[BlackElo "1624"]
[PlyCount "95"]
[EventDate "2017.12.02"]
[EventType "swiss"]
[EventRounds "6"]
[EventCountry "ESP"]
[SourceTitle "EXT 2024"]
[Source "ChessBase"]
[SourceDate "2023.10.10"]
[SourceVersion "1"]
[SourceVersionDate "2023.10.10"]
[SourceQuality "1"]

1. e4 e6 2. d4 d5 3. Nc3 c5 4. exd5 exd5 5. Bb5+ Bd7 6. Qe2+ Be7 7. Nf3 Nf6 8. 0-0 0-0 9. dxc5 Bxc5 10. Bg5 Bc6 11. Bxc6 bxc6 12. Rfe1 Nbd7 13. Na4 Bd6 14. c4 Qa5 15. Nc3 Rfe8 16. Qd2 Bb4 17. Bxf6 Nxf6 18. a3 Bxc3 19. Qxc3 Qxc3 20. bxc3 Ne4 21. cxd5 cxd5 22. Re3 Rac8 23. Rc1 f5 24. Nd4 f4 25. Ree1 Nxc3 26. Rxe8+ Rxe8 27. Kf1 Re4 28. Nc6 Nb5 29. f3 Rc4 30. Ne7+ Kf7 31. Rxc4 dxc4 32. Nc6 Nxa3 33. Nxa7 c3 34. Ke2 Nc4 35. Kd3 c2 36. Kxc2 Ne3+ 37. Kd3 Nxg2 38. Nc6 Kf6 39. Ke4 g5 40. Ne5 h5 41. h3 Ne3 42. h4 Ng2 43. hxg5+ Kxg5 44. Nf7+ Kh4 45. Nh6 Kg3 46. Nf5+ Kh3 47. Ng7 Kh4 48. Nf5+ 1/2-1/2